Catálogo - Centro de Recursos para el Aprendizaje y la Investigación

Volver al Sitio - CRAI Biblioteca

La batalla en el punto de venta : (Registro nro. 113310)

Detalles MARC
000 -CABECERA
campo de control de longitud fija 01250nam a22003017a 4500
001 - NÚMERO DE CONTROL
campo de control 113310
003 - IDENTIFICADOR DEL NÚMERO DE CONTROL
campo de control DR-UNIBE
005 - FECHA Y HORA DE LA ÚLTIMA TRANSACCIÓN
campo de control 20250313113132.0
008 - DATOS DE LONGITUD FIJA--INFORMACIÓN GENERAL
campo de control de longitud fija 250310b1996 sp ||||| |||| 00| 0 spa d
020 ## - NÚMERO INTERNACIONAL ESTÁNDAR DEL LIBRO
Número Internacional Estándar del Libro 8423414272
040 ## - FUENTE DE LA CATALOGACIÓN
Centro catalogador/agencia de origen BIBLIOTECA UNIBE
Centro/agencia transcriptor BIBLIOTECA UNIBE
Normas de descripción rda
Lengua de catalogación spa
041 ## - CÓDIGO DE LENGUA
Código de lengua del texto/banda sonora o título independiente spa
082 ## - NÚMERO DE LA CLASIFICACIÓN DECIMAL DEWEY
Número de edición 22
Número de clasificación 658.8 C67b
100 10 - ENTRADA PRINCIPAL--NOMBRE DE PERSONA
Nombre de persona Corstjens, Judith
9 (RLIN) 192759
Término indicativo de función/relación autor
100 10 - ENTRADA PRINCIPAL--NOMBRE DE PERSONA
Nombre de persona Corstjens, Marcel
9 (RLIN) 192760
Término indicativo de función/relación autor
245 13 - MENCIÓN DE TÍTULO
Título La batalla en el punto de venta :
Resto del título tácticas para distribuidores y fabricantes /
Mención de responsabilidad, etc. Judith Corstjens, Marcel Corstjen
246 ## - FORMA VARIANTE DE TÍTULO
Título propio/Titulo breve Store Wars
260 ## - PUBLICACIÓN, DISTRIBUCIÓN, ETC.
Lugar de publicación, distribución, etc. Bilbao :
Nombre del editor, distribuidor, etc. Ediciones Deusto,
Fecha de publicación, distribución, etc. 1996
300 ## - DESCRIPCIÓN FÍSICA
Extensión 340 páginas :
Otras características físicas ilustraciones b/n ;
Dimensiones 24 x 15 cm
500 ## - NOTA GENERAL
Nota general Comentario de la obra en la contraportada
505 ## - NOTA DE CONTENIDO CON FORMATO
Nota de contenido con formato Agradecimientos |<br/>Prólogo |<br/>Introducción |<br/>Parte I. Alcanzar los límites de la orientación al mercado |<br/>Parte II. El auge de los minoristas |<br/>Parte III. Marketing matricial |<br/>Índice alfabético
650 70 - PUNTO DE ACCESO ADICIONAL DE MATERIA--TÉRMINO DE MATERIA
Fuente del encabezamiento o término lem
Término de materia o nombre geográfico como elemento de entrada Consumidores
Subdivisión general Mercadeo
9 (RLIN) 192987
650 70 - PUNTO DE ACCESO ADICIONAL DE MATERIA--TÉRMINO DE MATERIA
Fuente del encabezamiento o término lemb
Término de materia o nombre geográfico como elemento de entrada Mercadeo
650 70 - PUNTO DE ACCESO ADICIONAL DE MATERIA--TÉRMINO DE MATERIA
Fuente del encabezamiento o término lemb
Término de materia o nombre geográfico como elemento de entrada Vendedores de cigarrillos
9 (RLIN) 192988
700 10 - PUNTO DE ACCESO ADICIONAL--NOMBRE DE PERSONA
Nombre de persona Aparicio Martin, Rafael
9 (RLIN) 116678
Término indicativo de función/relación traductor
700 #0 - PUNTO DE ACCESO ADICIONAL--NOMBRE DE PERSONA
Nombre de persona Chías, Josep
9 (RLIN) 78765
Término indicativo de función/relación prologuista
942 ## - ELEMENTOS DE PUNTO DE ACCESO ADICIONAL (KOHA)
Fuente del sistema de clasificación o colocación Sistema de Clasificación Decimal Dewey
Tipo de ítem Koha Libro (general)
Existencias
Estado de retiro Estado de pérdida Fuente del sistema de clasificación o colocación No para préstamo Código de colección Localización permanente Fecha de adquisición Total de préstamos Signatura topográfica completa Código de barras Fecha visto por última vez Número de copia Precio válido a partir de Tipo de ítem Koha
  Disponible Sistema de Clasificación Decimal Dewey   General Biblioteca Central UNIBE 13/03/2025   658.8 C67b 250129 10/03/2025 Ej. 1 10/03/2025 Libro (general)